000 00396nam a2200145Ia 4500
008 090124s9999 xx 000 0 und d
082 _b300882
245 _a मणि- कांचन
250 _a1
260 _bभारद्वाज मंदाकिनी
_c1982
300 _a219
630 _a मणि- कांचन
730 _a मणि- कांचन
942 _cBOOK
999 _c190436
_d190436